Pokemon - Poison - Statistiques

Statistiques générales
  • Ce quiz a été pris 12 fois
  • Le résultat moyen est 14 sur 20
Statistiques - réponses
Question toxique !!! AHHHHH !!!!! % Correct
Starter de type poison Bulbizarre
100%
Pokemon sac poubelle Miamiasme
100%
Objet soignant l'empoisonnement Antidote
91%
Légendaire pouvant infinimax Ethernatos
91%
Champion de Kanto Koga
91%
Evolution finale du seul pokemon poison-vol Nostenfer
91%
Pokemon Fabuleux poison-spectre Pechaminus
91%
Adoramis de type psy Fortusimia
82%
Attaque permettant d'empoisonner l'adversaire dès son entrée sur le terrain Pics Toxik
82%
Je suis fée-poison dans une certaine région Smogogo de Galar
82%
Capacité similaire à surf pouvant empoisonner Cradovague
73%
Bébé pokemon de ce type Toxizap
73%
Objet rendant des PV au pokemon poison à chaque tours Boue noire
64%
Talent immunisant à l'empoisonnement Vaccin
64%
Mes évolutions différent selon mon genre Nidoran
55%
Objet augmentant les attaques de type poison Pic venin
55%
Talent ayant la possibilité d'empoisonner la cible avec une attaque directe Toxitouche
55%
Boss du Clan Débrouillard Corvault
36%
Capacité physique ayant 30% de chance d'empoisonner Direct Toxik
36%
Fait évoluer farfuret d'Hisui Griffe rasoir
27%
Aucun quiz correspondant
Distribution des résultats
% des personnes avec chaque résultat
Percentile par nombre de réponses
Votre historique - résultats
Vous n’avez pas pris ce quiz